Southville International School and Colleges
Your cart is empty.
  • Cart
  • Lists
    Public lists Eva Luna New books Lux_list list_1
    Your lists Log in to create your own lists
  • Log in to your account
  • Your cookies
  • Search history
Southville International School and Colleges
  • Advanced search
  • Recent comments
  • Most popular
  • Libraries

Log in to your account

Log in with GOOGLE


If you do not have an external account, but do have a local account, you can still log in:

  1. Home
  2. MARC view: Norma Jean, Jumping Bean /
Normal view MARC view ISBD view

Norma Jean, Jumping Bean / (Record no. 106189)

[ view plain ]
MARC details
000 -LEADER
fixed length control field 00479nam a2200181 a 4500
005 - DATE AND TIME OF LATEST TRANSACTION
control field 20140412111425.0
008 - FIXED-LENGTH DATA ELEMENTS--GENERAL INFORMATION
fixed length control field 080205s19uu xx 00 eng d
020 ## - INTERNATIONAL STANDARD BOOK NUMBER
International Standard Book Number 0-394-88668-2
050 ## - LIBRARY OF CONGRESS CALL NUMBER
Classification number ER
Item number No78 2003
100 ## - MAIN ENTRY--PERSONAL NAME
Personal name Cole, Joanna
245 ## - TITLE STATEMENT
Title Norma Jean, Jumping Bean /
Statement of responsibility, etc Joanna Cole.
260 ## - PUBLICATION, DISTRIBUTION, ETC. (IMPRINT)
Place of publication, distribution, etc U.S.A :
Name of publisher, distributor, etc Random house,
Date of publication, distribution, etc 2003.
300 ## - PHYSICAL DESCRIPTION
Extent 48p.
440 ## - SERIES STATEMENT/ADDED ENTRY--TITLE
Title Step into reading 3
650 ## - SUBJECT ADDED ENTRY--TOPICAL TERM
Topical term or geographic name as entry element Jumping
General subdivision Fiction
650 ## - SUBJECT ADDED ENTRY--TOPICAL TERM
Topical term or geographic name as entry element Kangaroos
General subdivision Fiction
Holdings
Withdrawn status Lost status Damaged status Home library Current library Shelving location Date acquired Source of acquisition Total Checkouts Full call number Barcode Date last seen Price effective from Koha item type
      Elizalde Library Elizalde Library Easy Reading Section 02/05/2008     ER No78 2003 E11394 04/12/2014 04/12/2014 Books

Norma Jean, Jumping Bean /

APA

Cole J., . (2003). Norma Jean, Jumping Bean. U.S.A: Random house.

Chicago

Cole Joanna, . 2003. Norma Jean, Jumping Bean. U.S.A: Random house.

Harvard

Cole J., . (2003). Norma Jean, Jumping Bean. U.S.A: Random house.

MLA

Cole Joanna, . Norma Jean, Jumping Bean. U.S.A: Random house. 2003.

  • Place hold
  • Print
  • Cite
  • Add to your cart (remove)
  • Save record
    BIBTEX Dublin Core MARCXML MARC (non-Unicode/MARC-8) MARC (Unicode/UTF-8) MARC (Unicode/UTF-8, Standard) MODS (XML) RIS
  • More searches
    Search for this title in:
    Other Libraries (WorldCat) Other Databases (Google Scholar) Online Stores (Bookfinder.com) Open Library (openlibrary.org)

Exporting to Dublin Core...

SOUTHVILLE LIBRARY

Southville International School and Colleges Library

1281 Tropical Ave. Cor. Luxembourg St., BF Homes International, Las Pinas City

Tel. No. 8256374 / 252358 Loc. 117/146

Powered by Koha